An assessment of the effectiveness of non-monetary incentives in motivating SACCO society staff : (Record no. 15360)
[ view plain ]
| 000 -LEADER | |
|---|---|
| fixed length control field | 00752cam a22001932 4500 |
| 001 - CONTROL NUMBER | |
| control field | 0000023421 |
| 005 - DATE AND TIME OF LATEST TRANSACTION | |
| control field | 20151217161556.0 |
| 008 - FIXED-LENGTH DATA ELEMENTS--GENERAL INFORMATION | |
| fixed length control field | 121127s xx 000 0 eng d |
| 040 ## - CATALOGING SOURCE | |
| Original cataloging agency | KABU |
| Transcribing agency | KABU |
| 100 1# - MAIN ENTRY--PERSONAL NAME | |
| Personal name | Lumumba, Patrick. |
| -- | 0000182794 |
| 245 13 - TITLE STATEMENT | |
| Title | An assessment of the effectiveness of non-monetary incentives in motivating SACCO society staff : |
| Remainder of title | a case study of front office savings accounts workers in Nairobi county / |
| Statement of responsibility, etc. | Patrick Lumumba. |
| 260 ## - PUBLICATION, DISTRIBUTION, ETC. (IMPRINT) | |
| Place of publication, distribution, etc. | Nakuru : |
| Name of publisher, distributor, etc. | Kabarak University, |
| Date of publication, distribution, etc. | 2012. |
| 300 ## - PHYSICAL DESCRIPTION | |
| Extent | x, 78 leaves + |
| Accompanying material | 1 CD-ROM. |
| 502 ## - DISSERTATION NOTE | |
| Dissertation note | Thesis (MBA) - Kabarak University, 2012. |
| 650 #0 - SUBJECT ADDED ENTRY--TOPICAL TERM | |
| Topical term or geographic name as entry element | Employee motivation. |
| -- | 0000150982 |
| 908 ## - PUT COMMAND PARAMETER (RLIN) | |
| Put command parameter | 121127 |
| 950 ## - LOCAL HOLDINGS (RLIN) | |
| -- | 1 |
| Withdrawn status | Lost status | Source of classification or shelving scheme | Not for loan | Home library | Current library | Date acquired | Total Checkouts | Full call number | Barcode | Date last seen | Date last checked out | Price effective from | Koha item type |
|---|---|---|---|---|---|---|---|---|---|---|---|---|---|
| Library of Congress Classification | Kabarak, Main Campus | Kabarak, Main Campus | 17/12/2015 | 4 | HF5549.5 .M63L86 2012 c.1 | 014157 | 12/07/2017 | 12/07/2017 | 17/12/2015 | Thesis, Dissertation and Projecs |